000
00296nam a22001337a 4500
003
SGT
082
_a
340,BAR
100
_a
BARE ACT
245
_a
THE TRANSFER OF PROPERTY ACT, 1882
260
_a
NEW DELHI
_b
UNIVERSAL
_c
2004
300
_a
60
650
_a
TRANSFER OF PROPERTY
942
_2
ddc
_c
BK
999
_c
11264
_d
11264